000 01011nam a22003257a 4500
003 CHAP
005 20220329140003.0
008 971013s mx a r 00010 spa d
010 _a45124
011 _a46096
035 _a50236
040 _cCHAP
090 _aFolleto 3407
100 0 0 _aRealme, Eduardo.
_994941
245 1 _aBerrendo
260 _a(s.l.) :
_bFlora y Fauna de la Zona Semidesértica de la República Mexicana,
_c(s.a.)
300 _a19 p.
_b: ilus.
490 _aSerie fauna. Boletín
_v; 2
590 _aBATCH-UPD
_b10
_c20130110
_lUCH01
_h2227
590 _aBATCH-UPD
_b10
_c20130410
_lUCH01
_h1524
590 _aBATCH-UPD
_b10
_c20130914
_lUCH01
_h0610
590 _aCONVERSION
_b10
_c20130109
_lUCH01
_h1325
650 1 4 _aAntilopes.
_96081
650 1 4 _aBerrendo.
_911970
830 0 _aSerie fauna. Boletín
_v; 2
_9104874
901 _aBK
942 _cFOLL
949 _aFolleto 3407
_bBC
_cFOLL
_d-112944
_eTS1
_i50236
_si
949 _aFolleto 3407
_bBC
_cFOLL
_d-112945
_eTS2
_fc.2
_i50236
_si
999 _c45124
_d45124